LEADER 00993nam a2200277 i 4500 001 000000012141 003 CaOOAMICUS 005 20200708175027.0 008 180830s1856 fr u000 u fre u 040 $aSeMil$bita 100 1 $aBourdaloue, Louis,$c.$0(OLS)http://semarc/name/5823 245 10$aOeuvres de Bourdaloue. 260 $aLille :$bLefort,$c1856. 260 $aBesançon :$bOuthenin-Chalandre,$c1856. 300 $a6 v. ;$c23 cm. 650 4$aPrediche, omelie, sermoni - Sec. 17.-18.$0(OLS)http://semarc/subject/1983 774 0 $tTome 1.$w()226510 774 0 $tTome 2.$w()226513 774 0 $tTome 3.$w()226514 774 0 $tTome 4.$w()226515 774 0 $tTome 5.$w()226516 774 0 $tTome 6.$w()226512 996 $6245$aOeuvres de Bourdaloue$9(OLS)http://semarc/title/16107 996 $6260$aBesançon :$bOuthenin-Chalandre$9(OLS)http://semarc/publisher/33340 996 $6260$aLille :$bLefort$9(OLS)http://semarc/publisher/31769 LEADER 00965nam a2200217 i 4500 001 000000056386 003 CaOOAMICUS 005 20100625000000.0 008 100625s1908 it u000 u ita u 013 $a27558 040 $aSeMil$bita 100 1 $aGemelli, Agostino,$c.$0(OLS)http://semarc/name/2238 245 13$aLe dottrine moderne della delinquenza :$bcritica delle dottrine criminali positiviste /$cAgostino Gemelli. 260 $aFirenze :$bLibreria editrice fiorentina,$c1908. 300 $aXV, 159 p. ;$c20 cm. 650 4$aDelinquenza.$0(OLS)http://semarc/subject/11426 850 $aSeMil 852 $aSeMil$W1$xVenegono$y1$m2O II 269$j22540$B22540$CSeMilBibl$Z2$F22542 $81 961 $aOmaggio: Deposito 996 $6245$aLe dottrine moderne della delinquenza :$bcritica delle dottrine criminali positiviste$9(OLS)http://semarc/title/87647 996 $6260$aFirenze :$bLibreria editrice fiorentina$9(OLS)http://semarc/publisher/29690